00447nam a22001697a 45000050016000000100015000160200010000310350013000410370013000540820011000671000017000782450066000952600052001612700023002133000021002366500020002572010081408188.0 aENG-100266 c70.00 aEN-83798 bDBAD/PUB a629.89 aManimala, M. aThermo monitoring system in microcontroller /cby M. Manimala aPerambalurbMercury Printers & Publishersc2007 bPerambalure621212 a67p.c22cm (pbk) aMicrocontrollar